1391 1285 1726 1840 1929 1623 1037 1277 1882 1699 1962 1132 1039 1184 1769 1200 1098 1518 1363 1607 1150 1188 1067 1699 1734 1046 1267 1596 1088 1989 1557 1017 1674 1480 1892 1328 1317 1230 1984 1332 1326 1412 1557 1901 1788 1503 1078 2000 1055 1790 1566 1990 1636 1266 1148 1336 1977 1068 1756 1180 1860 1888 1204 1691 1366 1205 1600 1816 1414 1855 1681 1037 1938 1191 1075 1236 1055 1874 1010 1518 1045 1310 1919 1881 1207 1896 1925 1545 1038 1556 1108 1048 1916 1423 1486 1304 1665 1177 1739 BCNSPRNW ULIB Ver.6.0+V

เปลี่ยนเป็นภาษาไทย

Change to English
 แสดงรายละเอียดบรรณานุกรม
  กลับหน้าหลัก

Brief Record : Get Marc (ISO 2709) : E-mail record : QR code < ปิดหน้าต่าง
LEADER : 00000nam 2200000uu 4500
001    13399112455
003     ULIB
008    110816s2545||||th 000 0 tha d
050  4 HN700.55^bผ87ม 2545
100 0  เสรี พงศ์พิศ
245 10 แผนแม่บทชุมชน ประชาพิจัยและพัฒนา /^cบรรณาธิการ เสรี พงศ์พิศ,วิชิต นันทสุวรรณ
246 30 แนวคิดแนวปฏิบัติ ยุทธศาสตร์พัฒนาท้องถิ่น
250    พิมพ์ครั้งที่ 1
260    กรุงเทพฯ :^bภูมิปัญญาไทย,^c2545
300    274 หน้า
650  4 การพัฒนาชุมชน^zไทย
700    วิชิต นันทสุวรรณ ,^eบรรณาธิการร่วม
945    ^p200^l0^i014848
945    ^p200^l0^i014849
945    ^p200^l0^i014850
945    ^p200^l0^i014851
945    ^p200^l0^i014852
945    ^p200^l0^i014853
945    ^p200^l0^i014854
945    ^p200^l0^i014855
945    ^p200^l0^i014856
995    ทศพร
999 ^a ทศพร
รายการนี้ยังไม่มีแท็ก
คุณยังไม่ได้ล็อกอิน คุณสามารถมีกิจกรรมร่วมกับเว็บไซต์ได้ แต่ต้องล็อกอินก่อน ::
  ล็อกอิน

รายการสื่อสารสนเทศ

ลำดับที่ ประเภท เลขเรียก/บาร์โค้ด สถานที่ สถานะ
1. วิทยาศาสตร์การแพทย์ และสุขภาพ
วิทยาศาสตร์การแพทย์ และสุขภาพ
HN700.55 ผ87ม 2545 ฉ.2 
  Barcode: 014849
ห้องสมุดวิทยาเขตสวรรค์ประชารักษ์
►ส่วนจัดเก็บหนังสือเก่า สปร
บนชั้น
  ขอยืม

รายการใกล้เคียง
    ผู้แต่ง [เสรี พงศ์พิศ]

BibComment


ยังไม่เคยถูกคอมเมนท์

คอมเมนท์ทรัพยากรรายการนี้
  คอมเมนท์: แผนแม่บทชุมชน ประ..


 Copyright 2026. Bcnsprnw @Library